<?xml version="1.0" encoding="UTF-8"?>
<collection xmlns:xsi="http://www.w3.org/2001/XMLSchema-instance" xsi:schemaLocation="http://www.loc.gov/MARC21/slim http://www.loc.gov/standards/marcxml/schema/MARC21slim.xsd" xmlns="http://www.loc.gov/MARC21/slim">
 <record>
  <leader>00000nam a2200000 i 4500</leader>
  <controlfield tag="001">UP-1685675941131315945</controlfield>
  <controlfield tag="003">Buklod</controlfield>
  <controlfield tag="005">20230907120803.0</controlfield>
  <controlfield tag="006">m    |o  d |      </controlfield>
  <controlfield tag="007">ta</controlfield>
  <controlfield tag="008">230907s2015||||mauab  gr   b 001 0|eng| </controlfield>
  <datafield tag="020" ind1=" " ind2=" ">
   <subfield code="a">9780674504349 (hardcover : alk. paper)</subfield>
  </datafield>
  <datafield tag="035" ind1=" " ind2=" ">
   <subfield code="a">18443649</subfield>
  </datafield>
  <datafield tag="040" ind1="0" ind2=" ">
   <subfield code="a">DLC</subfield>
   <subfield code="b">eng</subfield>
   <subfield code="c">DLC</subfield>
   <subfield code="e">rda</subfield>
   <subfield code="d">DLC</subfield>
  </datafield>
  <datafield tag="041" ind1=" " ind2=" ">
   <subfield code="a">eng</subfield>
  </datafield>
  <datafield tag="090" ind1=" " ind2=" ">
   <subfield code="a">DS 871.7</subfield>
   <subfield code="b">W55 2015</subfield>
  </datafield>
  <datafield tag="100" ind1="1" ind2=" ">
   <subfield code="a">Wilson, Noell</subfield>
   <subfield code="d">1971-</subfield>
  </datafield>
  <datafield tag="245" ind1="1" ind2="0">
   <subfield code="a">Defensive positions</subfield>
   <subfield code="b">the politics of maritime security in Tokugawa Japan</subfield>
   <subfield code="c">Noell Wilson.</subfield>
  </datafield>
  <datafield tag="246" ind1="3" ind2="0">
   <subfield code="a">Politics of maritime defense in Tokugawa Japan</subfield>
  </datafield>
  <datafield tag="250" ind1=" " ind2=" ">
   <subfield code="a">1st edition.</subfield>
  </datafield>
  <datafield tag="264" ind1=" " ind2="4">
   <subfield code="a">Cambridge, Massachusetts</subfield>
   <subfield code="b">Harvard University Asia Center</subfield>
   <subfield code="c">©2015</subfield>
  </datafield>
  <datafield tag="264" ind1=" " ind2="2">
   <subfield code="a">Distributed by Harvard University Press.</subfield>
  </datafield>
  <datafield tag="300" ind1=" " ind2=" ">
   <subfield code="a">xiii, 244 pages</subfield>
   <subfield code="b">illustrations, maps</subfield>
   <subfield code="c">24 cm</subfield>
  </datafield>
  <datafield tag="336" ind1=" " ind2=" ">
   <subfield code="a">text</subfield>
   <subfield code="2">rdacontent</subfield>
  </datafield>
  <datafield tag="337" ind1=" " ind2=" ">
   <subfield code="a">unmediated</subfield>
   <subfield code="2">rdamedia</subfield>
  </datafield>
  <datafield tag="338" ind1=" " ind2=" ">
   <subfield code="a">volume</subfield>
   <subfield code="2">rdacarrier</subfield>
  </datafield>
  <datafield tag="490" ind1="0" ind2=" ">
   <subfield code="a">Harvard East Asian monographs</subfield>
   <subfield code="v">381</subfield>
  </datafield>
  <datafield tag="504" ind1=" " ind2=" ">
   <subfield code="a">Includes bibliographical references (pages 221-230) and index.</subfield>
  </datafield>
  <datafield tag="650" ind1=" " ind2="0">
   <subfield code="a">Coast defenses</subfield>
   <subfield code="z">Japan</subfield>
   <subfield code="x">History</subfield>
   <subfield code="y">17th century.</subfield>
  </datafield>
  <datafield tag="650" ind1=" " ind2="0">
   <subfield code="a">Coast defenses</subfield>
   <subfield code="z">Japan</subfield>
   <subfield code="x">History</subfield>
   <subfield code="y">18th century.</subfield>
  </datafield>
  <datafield tag="650" ind1=" " ind2="0">
   <subfield code="a">Merchant marine</subfield>
   <subfield code="x">Security measures</subfield>
   <subfield code="z">Japan</subfield>
   <subfield code="x">History.</subfield>
  </datafield>
  <datafield tag="650" ind1=" " ind2="0">
   <subfield code="a">Shipping</subfield>
   <subfield code="x">Security measures</subfield>
   <subfield code="z">Japan</subfield>
   <subfield code="x">History.</subfield>
  </datafield>
  <datafield tag="651" ind1=" " ind2="0">
   <subfield code="a">Japan</subfield>
   <subfield code="x">Foreign relations</subfield>
   <subfield code="y">1600-1868.</subfield>
  </datafield>
  <datafield tag="651" ind1=" " ind2="0">
   <subfield code="a">Japan</subfield>
   <subfield code="x">Politics and government</subfield>
   <subfield code="y">1600-1868.</subfield>
  </datafield>
  <datafield tag="651" ind1=" " ind2="0">
   <subfield code="a">Japan</subfield>
   <subfield code="x">Defenses</subfield>
   <subfield code="x">History</subfield>
   <subfield code="y">17th century.</subfield>
  </datafield>
  <datafield tag="651" ind1=" " ind2="0">
   <subfield code="a">Japan</subfield>
   <subfield code="x">Defenses</subfield>
   <subfield code="x">History</subfield>
   <subfield code="y">18th century.</subfield>
  </datafield>
  <datafield tag="905" ind1=" " ind2=" ">
   <subfield code="a">FO</subfield>
  </datafield>
  <datafield tag="852" ind1="0" ind2=" ">
   <subfield code="a">UPD</subfield>
   <subfield code="b">DAC</subfield>
   <subfield code="h">DS 871.7</subfield>
   <subfield code="i">W55 2015</subfield>
  </datafield>
  <datafield tag="942" ind1=" " ind2=" ">
   <subfield code="a">Book</subfield>
  </datafield>
 </record>
</collection>
